000
00200nam a22000977a 4500
082
_a
NAJ
100
_a
Najam
245
_a
Pakistan studies
260
_a
Lahore
_b
Aziz book depott
_c
2008
942
_c
BK
999
_c
15285
_d
15285